00415nam a2200097Ia 4500008004100000245008600041245010800127260000900235650002500244856004800269171204s9999 xx 000 0 und d aAdolescent Identity Treatment: An Integrative Approach for Personality Pathology: cAndrés Borzutzky H., Anna E. Odom, Helen T. Arena, Pamela A. Foelsch, and Susanne Schlüter-Müller c2014 xPERSONALITY THEORIES uhttp://down.ebook777.com/053/3319068679.pdf